000 00223nam a2200097Ia 4500
005 20251222114346.0
008 251222s1900||||xx |||||||||||||| ||spa||
082 _aDVD0070/M42/2005
245 0 _aDías de Santiago:
942 _cDVD
999 _c1053
_d1053